[Event "Gonzaga Masters 2013"]
[Site "Dublin IRL"]
[Date "2013.02.02"]
[Round "3"]
[White "Fitzsimons, Pat"]
[Black "Kalinins, Valentine"]
[Result "0-1"]
[WhiteElo "1793"]
[BlackElo "2028"]
[WhiteICU "1636"]
[BlackICU "2127"]
[WhiteClub "Elm Mount"]
[BlackClub "Celbridge"]
[WhiteNationality "IRL"]
[BlackNationality "IRL"]
[WhiteFideId "2502526"]
[BlackFideId "2505894"]
[WhiteICUId "1733"]
[BlackICUId "12860"]
[PlyCount "62"]
[FIDETournamentId "75914"]
[Venue "Gonzaga College, Sandford Road, Ranelagh, Dublin 6"]
[EventDate "2013.02.01"]
[Source "ICU web site"]

{ Source: Herbert Scarry report. } { Reference: <a
href="http://www.irlchess.com/gonzaga2013_allfiles/pairings_gonzaga2013.html">Tournament
report</a>, IRLchess. } { Event information: Herbert Scarry, <a
href="http://icu.ie/articles/372">Gonzaga Classic</a> (tournament report),
ICU web pages, February 2013. }

1. d4 Nf6 2. Bg5 c5 3. Bxf6 gxf6 4. dxc5 Nc6 5. e4 Qa5+ 6. Nc3 Qxc5 7. g3
d6 8. Bg2 f5 9. Nge2 fxe4 10. Nxe4 Qb4+ 11. N2c3 Bg7 12. O-O Qxb2 13. Rb1
Qa3 14. Rb3 Qa5 15. Rb5 Qd8 16. Rg5 Be5 17. f4 Bxc3 18. Nxc3 Qb6+ 19. Kh1
Be6 20. f5 Bc4 21. Re1 O-O-O 22. Qg4 Qb4 23. Re3 h5 24. Rxh5 Rxh5 25. Qxh5
d5 26. f6 d4 27. fxe7 Nxe7 28. Rxe7 Qxe7 29. Ne4 Bd5 30. Qf5+ Kb8 31. Qf4+
Qc7 0-1

[Event "Gonzaga Masters 2013"]
[Site "Dublin IRL"]
[Date "2013.02.02"]
[Round "3"]
[White "Boyle, Bernard"]
[Black "Porter, Liam"]
[Result "1/2-1/2"]
[WhiteElo "1929"]
[BlackElo "1972"]
[WhiteICU "1795"]
[BlackICU "1844"]
[WhiteClub "Elm Mount"]
[BlackClub "Elm Mount"]
[WhiteNationality "IRL"]
[BlackNationality "IRL"]
[WhiteFideId "2501830"]
[BlackFideId "2502992"]
[WhiteICUId "3172"]
[BlackICUId "1383"]
[PlyCount "50"]
[FIDETournamentId "75914"]
[Venue "Gonzaga College, Sandford Road, Ranelagh, Dublin 6"]
[EventDate "2013.02.01"]
[Source "ICU web site"]

{ Source: Herbert Scarry report. } { Reference: <a
href="http://www.irlchess.com/gonzaga2013_allfiles/pairings_gonzaga2013.html">Tournament
report</a>, IRLchess. } { Event information: Herbert Scarry, <a
href="http://icu.ie/articles/372">Gonzaga Classic</a> (tournament report),
ICU web pages, February 2013. }

1. d4 f5 2. Nf3 Nf6 3. Bf4 g6 4. e3 Bg7 5. Bd3 d6 6. Nc3 O-O 7. h4 Nh5 8.
Qe2 c6 9. Bg5 h6 10. Bf4 b5 11. Qd2 Kh7 12. Ne2 Qe8 13. Ng3 e5 14. dxe5
dxe5 15. Nxh5 gxh5 16. Nxe5 Bxe5 17. O-O-O Nd7 18. e4 Bxf4 19. Qxf4 Qe5 20.
Qf3 f4 21. Be2 Nf6 22. Qa3 Be6 23. f3 a5 24. Qd6 Qxd6 25. Rxd6 Bxa2 1/2-1/2

[Event "Gonzaga Masters 2013"]
[Site "Dublin IRL"]
[Date "2013.02.02"]
[Round "3"]
[White "Buckley, Gerard"]
[Black "O'Donnell, Conor"]
[Result "0-1"]
[WhiteElo "1934"]
[BlackElo "1959"]
[WhiteICU "1729"]
[BlackICU "2065"]
[WhiteClub "Malahide"]
[BlackClub "Gonzaga"]
[WhiteNationality "IRL"]
[BlackNationality "IRL"]
[WhiteFideId "2503239"]
[BlackFideId "2504243"]
[WhiteICUId "3075"]
[BlackICUId "10792"]
[PlyCount "81"]
[FIDETournamentId "75914"]
[Venue "Gonzaga College, Sandford Road, Ranelagh, Dublin 6"]
[EventDate "2013.02.01"]
[Source "ICU web site"]

{ Source: Herbert Scarry report. } { Reference: <a
href="http://www.irlchess.com/gonzaga2013_allfiles/pairings_gonzaga2013.html">Tournament
report</a>, IRLchess. } { Event information: Herbert Scarry, <a
href="http://icu.ie/articles/372">Gonzaga Classic</a> (tournament report),
ICU web pages, February 2013. }

1. d4 e6 2. Nf3 f5 3. Bg5 Nf6 4. e3 Be7 5. c4 d6 6. Nc3 O-O 7. g3 Ne4 8.
Bxe7 Qxe7 9. Bg2 Nxc3 10. bxc3 Nc6 11. O-O e5 12. Rb1 f4 13. Nd2 Nd8 14.
Qe2 fxg3 15. fxg3 Rxf1+ 16. Rxf1 c6 17. Be4 Nf7 18. Qd3 Ng5 19. Bg2 Bg4 20.
h4 Ne6 21. Be4 Nf8 22. Bf5 Bxf5 23. Qxf5 Nd7 24. Qd3 Re8 25. d5 e4 26. Qe2
Qe5 27. Rf4 cxd5 28. cxd5 Qxd5 29. Qc4 Qxc4 30. Nxc4 Re6 31. Na5 Nc5 32.
Rf1 Re7 33. Rd1 Nd3 34. Rb1 b6 35. Nc4 Rd7 36. Nd2 Nc5 37. Nc4 Kf7 38. Rb5
Ke6 39. a3 Rf7 40. Kg2 Rf3 41. Rb2 0-1

[Event "Gonzaga Masters 2013"]
[Site "Dublin IRL"]
[Date "2013.02.02"]
[Round "3"]
[White "Cichonski, Bartlomiej"]
[Black "Healy, John"]
[Result "0-1"]
[WhiteElo "2067"]
[BlackElo "1835"]
[WhiteICU "1942"]
[BlackICU "1778"]
[WhiteClub "Balbriggan"]
[BlackClub "St. Benildus"]
[WhiteNationality "IRL"]
[BlackNationality "IRL"]
[WhiteFideId "2503620"]
[BlackFideId "2500965"]
[WhiteICUId "12170"]
[BlackICUId "4563"]
[PlyCount "56"]
[FIDETournamentId "75914"]
[Venue "Gonzaga College, Sandford Road, Ranelagh, Dublin 6"]
[EventDate "2013.02.01"]
[Source "ICU web site"]

{ Source: Herbert Scarry report. } { Reference: <a
href="http://www.irlchess.com/gonzaga2013_allfiles/pairings_gonzaga2013.html">Tournament
report</a>, IRLchess. } { Event information: Herbert Scarry, <a
href="http://icu.ie/articles/372">Gonzaga Classic</a> (tournament report),
ICU web pages, February 2013. }

1. e4 c5 2. Nf3 a6 3. d4 cxd4 4. Nxd4 Nf6 5. Nc3 e5 6. Nb3 Bb4 7. Bd3 d5 8.
exd5 Qxd5 9. O-O Bxc3 10. bxc3 e4 11. Be2 O-O 12. c4 Qe5 13. Ba3 Re8 14.
Bd6 Qg5 15. Nd4 Nbd7 16. Kh1 Ne5 17. f4 exf3 18. Nxf3 Nxf3 19. Bxf3 Bg4 20.
Bxg4 Nxg4 21. Qf3 Qg6 22. c5 Ne3 23. Rf2 b6 24. Bf4 Nxc2 25. Rc1 Ne1 26.
Qb7 Nd3 27. c6 Nxf2+ 28. Kg1 Nh3+ 0-1

[Event "Gonzaga Masters 2013"]
[Site "Dublin IRL"]
[Date "2013.02.02"]
[Round "3"]
[White "Jackson, Carl"]
[Black "Janusaitis, Mindaugas"]
[Result "1-0"]
[WhiteElo "1940"]
[BlackElo "1967"]
[WhiteClub "Gonzaga"]
[BlackClub "Round Tower"]
[WhiteNationality "IRL"]
[BlackNationality "LTU"]
[WhiteFideId "2502585"]
[BlackFideId "12802530"]
[PlyCount "87"]
[FIDETournamentId "75914"]
[Venue "Gonzaga College, Sandford Road, Ranelagh, Dublin 6"]
[EventDate "2013.02.01"]
[Source "ICU web site"]

{ Source: Herbert Scarry report. } { Reference: <a
href="http://www.irlchess.com/gonzaga2013_allfiles/pairings_gonzaga2013.html">Tournament
report</a>, IRLchess. } { Event information: Herbert Scarry, <a
href="http://icu.ie/articles/372">Gonzaga Classic</a> (tournament report),
ICU web pages, February 2013. }

1. e4 e5 2. Bc4 Nf6 3. Nf3 Nc6 4. Ng5 Bc5 5. Bxf7+ Ke7 6. Bb3 Rf8 7. O-O d6
8. Nc3 Nd4 9. Nd5+ Nxd5 10. exd5 Nxb3 11. axb3 h6 12. Ne4 Bb6 13. d3 Bf5
14. Be3 Kd7 15. Bxb6 cxb6 16. Ng3 Kc7 17. Nxf5 Rxf5 18. Qg4 Qf6 19. Qc4+
Kd8 20. Qb5 Ke7 21. Rae1 Rc8 22. c4 Rc5 23. Qb4 Ra5 24. d4 Kf7 25. dxe5
Rxe5 26. Qc3 Re7 27. Rxe7+ Qxe7 28. Re1 Qg5 29. Qf3+ Qf6 30. Qxf6+ Kxf6 31.
g3 Ra2 32. Re6+ Kf7 33. Rxd6 Rxb2 34. Rd7+ Kf6 35. Rxb7 Rxb3 36. Rxa7 Rc3
37. Rc7 Ke5 38. Rc6 Ke4 39. Kg2 g5 40. Rxb6 h5 41. Rc6 g4 42. d6 Rf3 43. d7
Rd3 44. Rc7 1-0

[Event "Gonzaga Masters 2013"]
[Site "Dublin IRL"]
[Date "2013.02.03"]
[Round "4"]
[White "Delaney, Killian"]
[Black "Fitzsimons, David"]
[Result "0-1"]
[WhiteElo "2087"]
[BlackElo "2294"]
[WhiteICU "2012"]
[BlackICU "2275"]
[WhiteClub "Rathmines"]
[BlackClub "Elm Mount"]
[WhiteNationality "IRL"]
[BlackNationality "IRL"]
[WhiteFideId "2501570"]
[BlackFideId "2501961"]
[WhiteICUId "5104"]
[BlackICUId "6236"]
[PlyCount "114"]
[FIDETournamentId "75914"]
[Venue "Gonzaga College, Sandford Road, Ranelagh, Dublin 6"]
[EventDate "2013.02.01"]
[Source "ICU web site"]

{ Source: Herbert Scarry report. } { Reference: <a
href="http://www.irlchess.com/gonzaga2013_allfiles/pairings_gonzaga2013.html">Tournament
report</a>, IRLchess. } { Event information: Herbert Scarry, <a
href="http://icu.ie/articles/372">Gonzaga Classic</a> (tournament report),
ICU web pages, February 2013. }

1. e4 e5 2. Nf3 Nc6 3. Bc4 Bc5 4. c3 Nf6 5. d4 exd4 6. O-O Nxe4 7. cxd4 d5
8. dxc5 dxc4 9. Qe2 Qe7 10. Re1 Nxc5 11. Qxc4 Be6 12. Qb5 a6 13. Qe2 O-O-O
14. Bg5 f6 15. Be3 Rhe8 16. Rc1 Bg4 17. Nbd2 Nd3 18. Rc3 Nd4 19. Qf1 Bxf3
20. gxf3 Ne5 21. Rac1 Nb5 22. R3c2 Nd3 23. Rb1 Qe6 24. a4 Nd4 25. Rc3 Ne5
26. Rbc1 Nexf3+ 27. Nxf3 Nxf3+ 28. Kh1 Rd7 29. Bf4 Ne5 30. Qg2 g5 31. Bxe5
fxe5 32. Qxg5 Rg8 33. Qe3 Qd5+ 34. Qf3 e4 35. Qe3 Qd1+ 36. Qe1 Qxe1+ 37.
Rxe1 Rd2 38. Rg3 Rxg3 39. fxg3 Rxb2 40. Rxe4 b5 41. axb5 axb5 42. Rh4 b4
43. Kg1 Kb7 44. Kf1 Kb6 45. Ke1 c5 46. Kd1 Kb5 47. Kc1 Rg2 48. Rxh7 Kc4 49.
Rh3 b3 50. g4 Rxg4 51. Kb2 Rg2+ 52. Kb1 Kb4 53. Rh8 c4 54. Kc1 Rg1+ 55. Kd2
c3+ 56. Kd3 c2 57. Rb8+ Ka3 0-1

[Event "Gonzaga Masters 2013"]
[Site "Dublin IRL"]
[Date "2013.02.03"]
[Round "4"]
[White "Kalinins, Valentine"]
[Black "Murray, David B."]
[Result "1-0"]
[WhiteElo "2028"]
[BlackElo "2146"]
[WhiteICU "2127"]
[BlackICU "2083"]
[WhiteClub "Celbridge"]
[BlackClub "Gonzaga"]
[WhiteNationality "IRL"]
[BlackNationality "IRL"]
[WhiteFideId "2505894"]
[BlackFideId "2501511"]
[WhiteICUId "12860"]
[BlackICUId "4941"]
[PlyCount "54"]
[FIDETournamentId "75914"]
[Venue "Gonzaga College, Sandford Road, Ranelagh, Dublin 6"]
[EventDate "2013.02.01"]
[Source "ICU web site"]

{ Source: Herbert Scarry report. } { Reference: <a
href="http://www.irlchess.com/gonzaga2013_allfiles/pairings_gonzaga2013.html">Tournament
report</a>, IRLchess. } { Event information: Herbert Scarry, <a
href="http://icu.ie/articles/372">Gonzaga Classic</a> (tournament report),
ICU web pages, February 2013. }

1. e4 d5 2. exd5 Qxd5 3. Nc3 Qd6 4. d4 Nf6 5. g3 Nc6 6. Nge2 Bg4 7. Bg2
O-O-O 8. Be3 e5 9. dxe5 Qxe5 10. Qc1 h5 11. h4 Bxe2 12. Nxe2 Nd5 13. Bf4
Qe6 14. Kf1 Bc5 15. Bf3 f6 16. Kg2 Ne5 17. Bxe5 fxe5 18. Qg5 g6 19. Be4
Rdg8 20. Rad1 Nf6 21. Nc3 Kb8 22. Rhe1 Bb4 23. Rd3 c5 24. Bf3 Qf5 25. Ne4
Nxe4 26. Rxe4 c4 27. Qe7 Qf8 1-0

[Event "Gonzaga Masters 2013"]
[Site "Dublin IRL"]
[Date "2013.02.03"]
[Round "4"]
[White "O'Donnell, Conor"]
[Black "Boyle, Bernard"]
[Result "1-0"]
[WhiteElo "1959"]
[BlackElo "1929"]
[WhiteICU "2065"]
[BlackICU "1795"]
[WhiteClub "Gonzaga"]
[BlackClub "Elm Mount"]
[WhiteNationality "IRL"]
[BlackNationality "IRL"]
[WhiteFideId "2504243"]
[BlackFideId "2501830"]
[WhiteICUId "10792"]
[BlackICUId "3172"]
[PlyCount "95"]
[FIDETournamentId "75914"]
[Venue "Gonzaga College, Sandford Road, Ranelagh, Dublin 6"]
[EventDate "2013.02.01"]
[Source "ICU web site"]

{ Source: Herbert Scarry report. } { Reference: <a
href="http://www.irlchess.com/gonzaga2013_allfiles/pairings_gonzaga2013.html">Tournament
report</a>, IRLchess. } { Event information: Herbert Scarry, <a
href="http://icu.ie/articles/372">Gonzaga Classic</a> (tournament report),
ICU web pages, February 2013. }

1. d4 e6 2. c4 b6 3. Nc3 Bb7 4. e4 Bb4 5. Qc2 Qh4 6. Bd3 f5 7. g3 Qh5 8.
Bd2 Nc6 9. Nge2 fxe4 10. Nxe4 Nf6 11. Nxf6+ gxf6 12. O-O-O O-O-O 13. h3 Qa5
14. a3 Bxd2+ 15. Qxd2 Qxd2+ 16. Kxd2 Na5 17. Rde1 e5 18. d5 e4 19. Bxe4
Nxc4+ 20. Kc3 Nd6 21. Nf4 Rde8 22. Bg2 f5 23. a4 a5 24. Kd4 Kd8 25. Bf3
Rxe1 26. Rxe1 Re8 27. Rxe8+ Kxe8 28. b3 Ke7 29. Ke5 Ba6 30. Be2 Bxe2 31.
Nxe2 c6 32. dxc6 dxc6 33. Nd4 c5 34. Nxf5+ Nxf5 35. Kxf5 Kd6 36. Ke4 c4 37.
bxc4 Kc5 38. f4 Kxc4 39. f5 b5 40. f6 bxa4 41. f7 Kb3 42. f8=Q a3 43. Qc5
a2 44. Qxa5 Kb2 45. Qb4+ Kc2 46. Qa3 Kb1 47. Qb3+ Ka1 48. Kd3 1-0

[Event "Gonzaga Masters 2013"]
[Site "Dublin IRL"]
[Date "2013.02.03"]
[Round "4"]
[White "Porter, Liam"]
[Black "Jackson, Carl"]
[Result "1/2-1/2"]
[WhiteElo "1972"]
[BlackElo "1940"]
[WhiteICU "1844"]
[WhiteClub "Elm Mount"]
[BlackClub "Gonzaga"]
[WhiteNationality "IRL"]
[BlackNationality "IRL"]
[WhiteFideId "2502992"]
[BlackFideId "2502585"]
[WhiteICUId "1383"]
[PlyCount "35"]
[FIDETournamentId "75914"]
[Venue "Gonzaga College, Sandford Road, Ranelagh, Dublin 6"]
[EventDate "2013.02.01"]
[Source "ICU web site"]

{ Source: Herbert Scarry report. } { Reference: <a
href="http://www.irlchess.com/gonzaga2013_allfiles/pairings_gonzaga2013.html">Tournament
report</a>, IRLchess. } { Event information: Herbert Scarry, <a
href="http://icu.ie/articles/372">Gonzaga Classic</a> (tournament report),
ICU web pages, February 2013. }

1. e4 g6 2. Nc3 Bg7 3. d4 c5 4. dxc5 Bxc3+ 5. bxc3 Qa5 6. Qd3 Nc6 7. Nf3
Qxc5 8. Be3 Qa5 9. Be2 Nf6 10. O-O d5 11. exd5 Nxd5 12. Bd2 Bf5 13. Qb5
Qxb5 14. Bxb5 O-O 15. Bxc6 bxc6 16. c4 Nb6 17. Ne5 Rfc8 18. a4 1/2-1/2

[Event "Gonzaga Masters 2013"]
[Site "Dublin IRL"]
[Date "2013.02.03"]
[Round "4"]
[White "Healy, John"]
[Black "Fitzsimons, Pat"]
[Result "1-0"]
[WhiteElo "1835"]
[BlackElo "1793"]
[WhiteICU "1778"]
[BlackICU "1636"]
[WhiteClub "St. Benildus"]
[BlackClub "Elm Mount"]
[WhiteNationality "IRL"]
[BlackNationality "IRL"]
[WhiteFideId "2500965"]
[BlackFideId "2502526"]
[WhiteICUId "4563"]
[BlackICUId "1733"]
[PlyCount "109"]
[FIDETournamentId "75914"]
[Venue "Gonzaga College, Sandford Road, Ranelagh, Dublin 6"]
[EventDate "2013.02.01"]
[Source "ICU web site"]

{ Source: Herbert Scarry report. } { Reference: <a
href="http://www.irlchess.com/gonzaga2013_allfiles/pairings_gonzaga2013.html">Tournament
report</a>, IRLchess. } { Event information: Herbert Scarry, <a
href="http://icu.ie/articles/372">Gonzaga Classic</a> (tournament report),
ICU web pages, February 2013. }

1. f4 d5 2. b3 Nf6 3. Bb2 c5 4. Nf3 Nc6 5. e3 a6 6. d3 e6 7. g3 b5 8. Nbd2
Bb7 9. Ne5 Qc7 10. Bg2 Bd6 11. Ndf3 Bxe5 12. Nxe5 Nxe5 13. Bxe5 Qe7 14. O-O
O-O 15. Qe2 Ra7 16. f5 Bc8 17. c4 dxc4 18. dxc4 exf5 19. Qb2 Ne8 20. Bc6 f6
21. Bb8 Qxe3+ 22. Qf2 Qxf2+ 23. Rxf2 Re7 24. cxb5 axb5 25. Bxb5 Rb7 26.
Bc4+ Kh8 27. Bf4 Nc7 28. Bd6 Re8 29. Bxc5 g6 30. a4 Be6 31. Bxe6 Rxe6 32.
Rb2 Rc6 33. Be3 Kg7 34. a5 Ra6 35. b4 Rb5 36. Rd2 Nd5 37. Bf2 Nc3 38. Rd7+
Kh6 39. Be3+ g5 40. Bc5 Ne4 41. Bf8+ Kh5 42. Rxh7+ Kg4 43. Kg2 f4 44. h3+
Kf5 45. g4+ Ke5 46. Re7+ Re6 47. a6 Rxe7 48. Bxe7 Rb8 49. b5 Kd5 50. a7 Ra8
51. Rd1+ Kc4 52. b6 Nc5 53. Bxc5 Kxc5 54. b7 Rxa7 55. b8=Q 1-0

[Event "Gonzaga Masters 2013"]
[Site "Dublin IRL"]
[Date "2013.02.03"]
[Round "4"]
[White "Cichonski, Bartlomiej"]
[Black "Buckley, Gerard"]
[Result "1/2-1/2"]
[WhiteElo "2067"]
[BlackElo "1934"]
[WhiteICU "1942"]
[BlackICU "1729"]
[WhiteClub "Balbriggan"]
[BlackClub "Malahide"]
[WhiteNationality "IRL"]
[BlackNationality "IRL"]
[WhiteFideId "2503620"]
[BlackFideId "2503239"]
[WhiteICUId "12170"]
[BlackICUId "3075"]
[PlyCount "40"]
[FIDETournamentId "75914"]
[Venue "Gonzaga College, Sandford Road, Ranelagh, Dublin 6"]
[EventDate "2013.02.01"]
[Source "ICU web site"]

{ Source: Herbert Scarry report. } { Reference: <a
href="http://www.irlchess.com/gonzaga2013_allfiles/pairings_gonzaga2013.html">Tournament
report</a>, IRLchess. } { Event information: Herbert Scarry, <a
href="http://icu.ie/articles/372">Gonzaga Classic</a> (tournament report),
ICU web pages, February 2013. }

1. e4 b6 2. d4 Bb7 3. Nc3 e6 4. Nf3 Bb4 5. Bd3 Nf6 6. Qe2 d5 7. e5 Ne4 8.
O-O Bxc3 9. bxc3 Nxc3 10. Qe3 h6 11. Nd2 Nd7 12. a4 c5 13. Bb2 cxd4 14.
Qxd4 Ne4 15. Nxe4 dxe4 16. Bb5 a6 17. Bxd7+ Qxd7 18. Qxb6 O-O 19. Ba3 Rfc8
20. Rfc1 Bd5 1/2-1/2

[Event "Gonzaga Masters 2013"]
[Site "Dublin IRL"]
[Date "2013.02.03"]
[Round "5"]
[White "Fitzsimons, David"]
[Black "O'Donnell, Conor"]
[Result "1-0"]
[WhiteElo "2294"]
[BlackElo "1959"]
[WhiteICU "2275"]
[BlackICU "2065"]
[WhiteClub "Elm Mount"]
[BlackClub "Gonzaga"]
[WhiteNationality "IRL"]
[BlackNationality "IRL"]
[WhiteFideId "2501961"]
[BlackFideId "2504243"]
[WhiteICUId "6236"]
[BlackICUId "10792"]
[PlyCount "101"]
[FIDETournamentId "75914"]
[Venue "Gonzaga College, Sandford Road, Ranelagh, Dublin 6"]
[EventDate "2013.02.01"]
[Source "ICU web site"]

{ Source: Herbert Scarry report. } { Reference: <a
href="http://www.irlchess.com/gonzaga2013_allfiles/pairings_gonzaga2013.html">Tournament
report</a>, IRLchess. } { Event information: Herbert Scarry, <a
href="http://icu.ie/articles/372">Gonzaga Classic</a> (tournament report),
ICU web pages, February 2013. }

1. Nf3 f5 2. d4 Nf6 3. h3 e6 4. g4 d5 5. Bf4 Bd6 6. Ne5 O-O 7. e3 c5 8. Nc3
Ne4 9. Nb5 cxd4 10. Nxd6 Qxd6 11. Qxd4 Nc6 12. Nxc6 Qxc6 13. Bd3 Qc5 14.
gxf5 Qxd4 15. exd4 Rxf5 16. Be5 Bd7 17. Rg1 g6 18. Rg2 Raf8 19. f4 R5f7 20.
Ke2 Bc6 21. Ke3 Nf6 22. Rag1 Nh5 23. Rg4 a6 24. c3 Bb5 25. Bc2 Rc8 26. Rh4
Kf8 27. Bxg6 hxg6 28. Rxg6 Rh7 29. Rg5 Be8 30. Bd6+ Kf7 31. Rhxh5 Rxh5 32.
Rxh5 Bc6 33. Be5 Rg8 34. Rh7+ Kg6 35. Re7 Re8 36. Rg7+ Kh5 37. Kf3 Rf8 38.
Kg3 Re8 39. Rg5+ Kh6 40. h4 Re7 41. h5 Bb5 42. Kh4 Bd3 43. Rg8 Bf5 44. Rh8+
Rh7 45. Rf8 Rd7 46. Rf6+ Kh7 47. h6 Kg8 48. Kg5 Rf7 49. Rg6+ Bxg6 50. Kxg6
b6 51. Bg7 1-0

[Event "Gonzaga Masters 2013"]
[Site "Dublin IRL"]
[Date "2013.02.03"]
[Round "5"]
[White "Kalinins, Valentine"]
[Black "Delaney, Killian"]
[Result "1-0"]
[WhiteElo "2028"]
[BlackElo "2087"]
[WhiteICU "2127"]
[BlackICU "2012"]
[WhiteClub "Celbridge"]
[BlackClub "Rathmines"]
[WhiteNationality "IRL"]
[BlackNationality "IRL"]
[WhiteFideId "2505894"]
[BlackFideId "2501570"]
[WhiteICUId "12860"]
[BlackICUId "5104"]
[PlyCount "34"]
[FIDETournamentId "75914"]
[Venue "Gonzaga College, Sandford Road, Ranelagh, Dublin 6"]
[EventDate "2013.02.01"]
[Source "ICU web site"]

{ Source: Herbert Scarry report. } { Reference: <a
href="http://www.irlchess.com/gonzaga2013_allfiles/pairings_gonzaga2013.html">Tournament
report</a>, IRLchess. } { Event information: Herbert Scarry, <a
href="http://icu.ie/articles/372">Gonzaga Classic</a> (tournament report),
ICU web pages, February 2013. }

1. e4 c6 2. d4 d5 3. exd5 cxd5 4. c4 Nf6 5. Nc3 Nc6 6. Bg5 Qa5 7. Bxf6 exf6
8. cxd5 Bb4 9. Qd2 Bxc3 10. bxc3 Qxd5 11. Ne2 O-O 12. Nf4 Re8+ 13. Be2 Qe4
14. O-O g5 15. Nh5 Qxe2 16. Nxf6+ Kh8 17. Qxg5 Rf8 1-0

[Event "Gonzaga Masters 2013"]
[Site "Dublin IRL"]
[Date "2013.02.03"]
[Round "5"]
[White "Murray, David B."]
[Black "Healy, John"]
[Result "1-0"]
[WhiteElo "2146"]
[BlackElo "1835"]
[WhiteICU "2083"]
[BlackICU "1778"]
[WhiteClub "Gonzaga"]
[BlackClub "St. Benildus"]
[WhiteNationality "IRL"]
[BlackNationality "IRL"]
[WhiteFideId "2501511"]
[BlackFideId "2500965"]
[WhiteICUId "4941"]
[BlackICUId "4563"]
[PlyCount "53"]
[FIDETournamentId "75914"]
[Venue "Gonzaga College, Sandford Road, Ranelagh, Dublin 6"]
[EventDate "2013.02.01"]
[Source "ICU web site"]

{ Source: Herbert Scarry report. } { Reference: <a
href="http://www.irlchess.com/gonzaga2013_allfiles/pairings_gonzaga2013.html">Tournament
report</a>, IRLchess. } { Event information: Herbert Scarry, <a
href="http://icu.ie/articles/372">Gonzaga Classic</a> (tournament report),
ICU web pages, February 2013. }

1. e4 c5 2. Nc3 Nf6 3. e5 Ng8 4. Nf3 Nc6 5. Bb5 a6 6. Bxc6 dxc6 7. d3 g6 8.
h3 Bg7 9. Be3 b6 10. Qd2 Be6 11. O-O Bd5 12. Bf4 Bxf3 13. gxf3 e6 14. Ne4
Qh4 15. Kg2 Bh6 16. Bxh6 Nxh6 17. b4 c4 18. Nd6+ Ke7 19. Nxc4 g5 20. Qe3
Rhg8 21. Qxb6 g4 22. Qc5+ Ke8 23. Rh1 gxf3+ 24. Kf1 Rg2 25. Qxc6+ Kf8 26.
Qxa8+ Kg7 27. Qxf3 1-0